LEADER 01617nam 2200457 450 001 9910703824903321 005 20150804081240.0 035 $a(CKB)5470000002435485 035 $a(OCoLC)915561784 035 $a(EXLCZ)995470000002435485 100 $a20150804d2006 ua 0 101 0 $aspa 135 $aurcn||||||||| 181 $ctxt$2rdacontent 182 $cc$2rdamedia 183 $acr$2rdacarrier 200 10$a[Cribado del ca?ncer - mama, cuello uterino y colorrectal] 210 1$a[Bethesda, Md.] :$cDepartment of Health and Human Services, National Institutes of Health, National Cancer Institute, Health Information National Trends Survey,$d2006. 215 $a1 online resource (2 unnumbered pages) $ccolor illustrations 225 1 $aBreves de hints ;$vnu?mero 3 300 $aTitle from title screen (viewed Aug. 4, 2015). 300 $a"Agosto 2006." 320 $aIncludes bibliographical references. 606 $aBreast$xCancer$xDiagnosis 606 $aCervix uteri$xCancer$xDiagnosis 606 $aRectum$xCancer 606 $aHuman behavior$vStatistics 606 $aHealth risk communication 608 $aStatistics.$2lcgft 615 0$aBreast$xCancer$xDiagnosis. 615 0$aCervix uteri$xCancer$xDiagnosis. 615 0$aRectum$xCancer. 615 0$aHuman behavior 615 0$aHealth risk communication. 712 02$aHealth Information National Trends Survey, 801 0$bGPO 801 1$bGPO 906 $aBOOK 912 $a9910703824903321 996 $aCribado del ca?ncer - mama, cuello uterino y colorrectal$93485068 997 $aUNINA LEADER 06767nam 2200709 450 001 9910787193103321 005 20200520144314.0 010 $a3-486-99060-8 010 $a3-486-85606-5 024 7 $a10.1524/9783486856064 035 $a(CKB)3710000000229208 035 $a(EBL)1634401 035 $a(SSID)ssj0001332842 035 $a(PQKBManifestationID)12535754 035 $a(PQKBTitleCode)TC0001332842 035 $a(PQKBWorkID)11377392 035 $a(PQKB)10950254 035 $a(DE-B1597)241507 035 $a(OCoLC)979611648 035 $a(DE-B1597)9783486856064 035 $a(Au-PeEL)EBL1634401 035 $a(CaPaEBR)ebr11004479 035 $a(CaONFJC)MIL783327 035 $a(OCoLC)890089828 035 $a(CaSebORM)9783486721232 035 $a(MiAaPQ)EBC1634401 035 $a(EXLCZ)993710000000229208 100 $a20150124h20142014 uy 0 101 0 $ager 135 $aur|n|---||||| 181 $ctxt 182 $cc 183 $acr 200 00$aFamiliensoziologie $eein Lehr- und studienbuch /$fRosemarie Nave-Herz (Hrsg.) 210 1$aMunich, Germany :$cDe Gruyter Oldenbourg,$d2014. 210 4$d©2014 215 $a1 online resource (242 p.) 300 $aDescription based upon print version of record. 311 $a3-486-72123-2 320 $aIncludes bibliographical references at the end of each chapters and index. 327 $t Frontmatter -- $tVorwort -- $tInhaltsverzeichnis -- $t1. Der Wandel der Familie zum spezialisierten gesellschaftlichen System im Zuge der allgemeinen gesellschaftlichen Differenzierung unserer Gesellschaft -- $t1.1 Vorbemerkung / $rNave-Herz, Rosemarie -- $t1.2 Theoretische und begriffliche Vorüberlegungen / $rNave-Herz, Rosemarie -- $t1.3 Die Familie in der vorindustriellen Zeit / $rNave-Herz, Rosemarie -- $t1.4 Der Prozess der zunehmenden funktionalen Differenzierung unserer Gesellschaft: die Folge für das System Familie / $rNave-Herz, Rosemarie / Nave-Herz, Rosemarie -- $t1.5 Der endogene Wandel im Rahmen der funktionalen Spezialisierung des Systems Familie / $rNave-Herz, Rosemarie -- $t1.6 Die funktional-spezialisierte Leistung der modernen Familie / $rNave-Herz, Rosemarie -- $t1.7 Die Pluralität von Familienformen / $rNave-Herz, Rosemarie -- $t1.8 Die gestiegenen Leistungserwartungen an das System Familie / $rNave-Herz, Rosemarie -- $t1.9 Exkurs: Der quantitative Anstieg von nichtehelichen Lebensgemeinschaften sowie von kinderlosen Ehen und die quantitative Abnahme der Familiengründungen / $rNave-Herz, Rosemarie -- $t1.10 Resümee / $rNave-Herz, Rosemarie -- $t1.11 Literatur / $rNave-Herz, Rosemarie -- $t2. Die funktionale Differenzierung zwischen Familie und Bildungssystem -- $t2.1 Familie und öffentliche Kinderbetreuung / $rHonig, Michael-Sebastian -- $t2.2 Familie und Schule: Interdependenzen, Abhängigkeiten und mögliche Spannungen / $rLauterbach, Wolfgang -- $t3. Die funktionale Differenzierung zwischen Familie und Erwerbsarbeitssystem -- $t3.1 Ursachen und Konsequenzen der Desynchronisierung von Erwerbsarbeit und Familie in der Beschleunigungsgesellschaft / $rLange, Andreas -- $t3.2 Digitale Medien im Spannungsfeld zwischen Familie und Erwerbsarbeit / $rFeldhaus, Michael / Logemann, Niels -- $t3.3 Familien in Zeiten veränderter beruflicher Mobilitätsanforderungen / $rSchneider, Norbert F. / Ruppenthal, Silvia -- $t4. Institutionalisierte private und öffentliche Unterstützungen für Familien in Deutschland -- $t4.1 Transferleistungen zwischen den heutigen Mehrgenerationenfamilien / $rSzydlik, Marc -- $t4.2 Die sozialen Beziehungen und Unterstützungen zwischen Verwandten und ihre sozialstrukturellen Folgen / $rNave-Herz, Rosemarie -- $t4.3 Familien in der Kinder- und Jugendhilfe - eine Problemskizze / $rBöllert, Karin / Peter, Corinna -- $t4.4 Ausgewählte aktuelle familienpolitische Maßnahmen und ihre nicht-intendierten möglichen Folgen / $rKrüsselberg, Hans-Günter -- $t5. Ausgewählte spezielle Familienprobleme: Armut, Gewalt und Ehescheidungen -- $t5.1 Auswirkungen der familialen ökonomischen Lage auf die kindliche Entwicklung / $rSchlegel, Monika -- $t5.2 Gewalt in der Familie / $rVölschow, Yvette -- $t5.3 Stabilität, Wandel und Zerfall ehelicher Beziehungen: das Modell der Frame-Selektion / $rEsser, Hartmut -- $t6. Ausblick: Die Zukunft der Familie -- $t6.1 Einführung / $rNave-Herz, Rosemarie -- $t6.2 Die funktional-spezialisierte Leistung des Systems Familie: die Nachwuchssicherung (Geburt/Adoption und Sozialisation von Kindern) / $rNave-Herz, Rosemarie -- $t6.3 Die funktional-spezialisierte Leistung des Systems Familie: die physische und psychische Regeneration und Stabilisierung ihrer Mitglieder / $rNave-Herz, Rosemarie -- $t6.4 Schlussbemerkung / $rNave-Herz, Rosemarie -- $t6.5 Literatur / $rNave-Herz, Rosemarie -- $tAutorenverzeichnis -- $tIndex 330 $aIn diesem Lehr- und Studienbuch werden die vielfältigsten familiensoziologischen Themen behandelt: familialer Wandel, Familie und Kinderbetreuungsinstitutionen, die Wechselwirkungen zwischen Familie und Schule sowie Arbeitswelt, die familialen Auswirkungen der gestiegenen regionalen Mobilität und der Entwicklung der digitalen Medien, das Problem der Ehescheidung, die Transferleistungen innerhalb der Mehrgenerationenfamilie, die gesamtgesellschaftliche Bedeutung von Verwandtschaft und Vererbungspraktiken, die Auswirkungen von Armut und Gewalt, aber auch von familienpolitischen Maßnahmen sowie der Kinder- und Jugendhilfe. Darüber hinaus wird die Zukunftsperspektive von Familie thematisiert. Der Band präsentiert die diesbezüglichen aktuellsten empirischen Forschungsergebnisse und zeigt die noch offenen Fragen und Forschungslücken auf. In allen Kapiteln werden vor allem die durch den abgelaufenen Modernisierungs- und Differenzierungsprozess entstandenen Veränderungen, Probleme, Spannungen und Konflikte analysiert. Insofern stehen die einzelnen Beiträge - verfasst von renommierten Soziologen bzw. Soziologinnen an deutschen und ausländischen Universitäten - nicht additiv nebeneinander, sondern diese Perspektive bildet die konzeptionelle Rahmung des Buches. 606 $aFamilies$xResearch 610 $aSocial differentiation. 610 $adivorce. 610 $aearly childhood education. 610 $amultigenerational families. 610 $apoverty. 610 $aschool system. 610 $asibling relationships. 610 $aviolence. 615 0$aFamilies$xResearch. 676 $a306.85072 686 $aMS 1900$2rvk 702 $aNave-Herz$b Rosemarie 801 0$bMiAaPQ 801 1$bMiAaPQ 801 2$bMiAaPQ 906 $aBOOK 912 $a9910787193103321 996 $aFamiliensoziologie$93866845 997 $aUNINA LEADER 03972nam 22006975 450 001 9910682550603321 005 20251217163338.0 010 $a9783030965303 010 $a3030965309 024 7 $a10.1007/978-3-030-96530-3 035 $a(CKB)5580000000524090 035 $a(DE-He213)978-3-030-96530-3 035 $a(MiAaPQ)EBC7216476 035 $a(EXLCZ)995580000000524090 100 $a20230315d2023 u| 0 101 0 $aeng 135 $aurnn#008mamaa 181 $ctxt$2rdacontent 182 $cc$2rdamedia 183 $acr$2rdacarrier 200 10$aComputer Vision $eStatistical Models for Marr's Paradigm /$fby Song-Chun Zhu, Ying Nian Wu 205 $a1st ed. 2023. 210 1$aCham :$cSpringer International Publishing :$cImprint: Springer,$d2023. 215 $a1 online resource (XIV, 357 p. 192 illus., 109 illus. in color.) 311 08$a9783030965297 311 08$a3030965295 327 $aPreface -- About the Authors -- 1 Introduction -- 2 Statistics of Natural Images -- 3 Textures -- 4 Textons -- 5 Gestalt Laws and Perceptual Organizations -- 6 Primal Sketch: Integrating Textures and Textons -- 7 2.1D Sketch and Layered Representation -- 8 2.5D Sketch and Depth Maps -- 9 Learning about information Projection -- 10 Informing Scaling and Regimes of Models -- 11 Deep Images and Models -- 12 A Tale of Three Families: Discriminative, Generative and Descriptive Models -- Bibliography. 330 $aAs the first book of a three-part series, this book is offered as a tribute to pioneers in vision, such as Béla Julesz, David Marr, King-Sun Fu, Ulf Grenander, and David Mumford. The authors hope to provide foundation and, perhaps more importantly, further inspiration for continued research in vision. This book covers David Marr's paradigm and various underlying statistical models for vision. The mathematical framework herein integrates three regimes of models (low-, mid-, and high-entropy regimes) and provides foundation for research in visual coding, recognition, and cognition. Concepts are first explained for understanding and then supported by findings in psychology and neuroscience, after which they are established by statistical models and associated learning and inference algorithms. A reader will gain a unified, cross-disciplinary view of research in vision and will accrue knowledge spanning from psychology to neuroscience to statistics. 606 $aImage processing$xDigital techniques 606 $aComputer vision 606 $aInformation visualization 606 $aComputer science 606 $aComputer science$xMathematics 606 $aMathematical statistics 606 $aNeural networks (Computer science) 606 $aComputer Imaging, Vision, Pattern Recognition and Graphics 606 $aData and Information Visualization 606 $aTheory of Computation 606 $aProbability and Statistics in Computer Science 606 $aComputer Science 606 $aMathematical Models of Cognitive Processes and Neural Networks 615 0$aImage processing$xDigital techniques. 615 0$aComputer vision. 615 0$aInformation visualization. 615 0$aComputer science. 615 0$aComputer science$xMathematics. 615 0$aMathematical statistics. 615 0$aNeural networks (Computer science) 615 14$aComputer Imaging, Vision, Pattern Recognition and Graphics. 615 24$aData and Information Visualization. 615 24$aTheory of Computation. 615 24$aProbability and Statistics in Computer Science. 615 24$aComputer Science. 615 24$aMathematical Models of Cognitive Processes and Neural Networks. 676 $a006 700 $aZhu$b Song Chun$4aut$4http://id.loc.gov/vocabulary/relators/aut$00 702 $aWu$b Ying Nian$4aut$4http://id.loc.gov/vocabulary/relators/aut 906 $aBOOK 912 $a9910682550603321 996 $aComputer Vision$93331956 997 $aUNINA